Sports Quiz

Random Sports or Nintendo Quiz
Score 0/21 Timer 06:00
0 Plays Today
Question Answer % Correct
Which college did Dave O'Brien and Doug Flutie attend?Boston College
88.7%
What was Ahmad Rashad's given name?Bobby Moore
43.4%
Which Viking tied the NFL record for touchdown passes in a single game in 1969?Joe Kapp
43.4%
In what year was Tommy Mason chosen to be all-pro?1963
39.6%
Who was the starting quarterback in the Viking's first regular-season game?George Shaw
24.5%
What Vikings wide receiver was the NFL rookie of the year in 1963?Paul Flatley
20.8%
Who was the Vikings MVP in their first season?Hugh McElhenny
18.9%
Who led the Vikings in rushing yardage their first season?Hugh McElhenny
18.9%
What Vikings running back was known as 'The King'?Hugh McElhenny
18.9%
Who won the Heisman Trophy in 1984?Doug Flutie
17%
What number did Paul Flatley wear on his Jersey?85
17%
Question Answer % Correct
Who tied the all-time NFL record in 1963 for most personal fumbles recovered in one season?Billy Butler
15.1%
Who was the first Vikings player to be selected all-pro?Tommy Mason
11.3%
What position did Dave O'Brien play?offensive guard
1.9%
How many of his own fumbles did Billy Butler recover in 1963?8
1.9%
Who played QB the final game of the 1963 season?Ron VanderKelen
1.9%
Who led the VIkings in touchdown receptions in their first year of play?John Reichow
0%
What NFL team gave Grady Alderman to the Vikings?Green Bay Packers
0%
What did running backs Ray Hayes and Mel Triplett each do in 1961 to put themselves in the Vikings' record book? 100-yard rushing games in 1961
0%
Who caught the Vikings' first touchdown pass?Bob Shnelker
0%
Which offensive linemen were Pro Bowl selections in 1964?Grady Alderman and Mike Tingelhoff
0%
Remove Ads.
Support Sporcle.
Get the best of Sporcle when you Go Orange. This ad-free experience offers more features, more stats, and more fun while also helping to support Sporcle. Thank you for becoming a member.

You're not logged in!

Compare scores with friends on all Sporcle quizzes.
OR
Log In

Show Comments

Extras

Top Quizzes Today


Score Distribution

Your Account Isn't Verified!

In order to create a playlist on Sporcle, you need to verify the email address you used during registration. Go to your Sporcle Settings to finish the process.

Report this User

Report this user for behavior that violates our Community Guidelines.

Details: